<?xml version="1.0" encoding="UTF-8"?><?xml-stylesheet type="text/xsl" href="static/style.xsl"?><OAI-PMH xmlns="http://www.openarchives.org/OAI/2.0/" xmlns:xsi="http://www.w3.org/2001/XMLSchema-instance" xsi:schemaLocation="http://www.openarchives.org/OAI/2.0/ http://www.openarchives.org/OAI/2.0/OAI-PMH.xsd"><responseDate>2026-06-02T05:56:10Z</responseDate><request verb="GetRecord" identifier="oai:riuma.uma.es:10630/32590" metadataPrefix="marc">https://riuma.uma.es/rest/oai/request</request><GetRecord><record><header><identifier>oai:riuma.uma.es:10630/32590</identifier><datestamp>2026-02-03T10:51:31Z</datestamp><setSpec>com_10630_2254</setSpec><setSpec>col_10630_37953</setSpec></header><metadata><record xmlns="http://www.loc.gov/MARC21/slim" xmlns:dcterms="http://purl.org/dc/terms/" xmlns:doc="http://www.lyncode.com/xoai" xmlns:xsi="http://www.w3.org/2001/XMLSchema-instance" xsi:schemaLocation="http://www.loc.gov/MARC21/slim http://www.loc.gov/standards/marcxml/schema/MARC21slim.xsd">
   <leader>00925njm 22002777a 4500</leader>
   <datafield ind2=" " ind1=" " tag="042">
      <subfield code="a">dc</subfield>
   </datafield>
   <datafield ind2=" " ind1=" " tag="720">
      <subfield code="a">Mateos-Moreno, Daniel</subfield>
      <subfield code="e">author</subfield>
   </datafield>
   <datafield ind2=" " ind1=" " tag="260">
      <subfield code="c">2022</subfield>
   </datafield>
   <datafield ind2=" " ind1=" " tag="520">
      <subfield code="a">Written teaching philosophies are a common part of&#xd;
applications for music teaching positions and a pivotal exercise&#xd;
for pre-service teacher development. However, their contents are&#xd;
not often addressed in the music education research literature.&#xd;
Using a case study of last-year pre-service music teachers at a&#xd;
Swedish university, I explore these statements to uncover their&#xd;
beliefs about practicing the music teaching profession. The results&#xd;
revealed four different areas of concern for the participants related&#xd;
to methodology, self, curriculum and students. Furthermore,&#xd;
the participants differ slightly from their counterparts in other&#xd;
subjects by highlighting aspects such as professional development&#xd;
or the teacher-parents/guardians relationship. In addition, they&#xd;
often express their alignment with humanistic or constructivist&#xd;
pedagogical approaches while simultaneously intending to work&#xd;
with extrinsic motivation. I argue the impossibility of classifying&#xd;
their underlying music teaching philosophies within the traditional&#xd;
ones in the field as such proposed by Keith Swanwick, Bennett&#xd;
Reimer and Christopher Small. Finally, I discuss the limitations and&#xd;
the implications of the results for the professional world.</subfield>
   </datafield>
   <datafield ind1="8" ind2=" " tag="024">
      <subfield code="a">Mateos-Moreno, D. (2022). What music teacher will I be?: A case study on the teaching philosophies of final-year pre-service Swedish music teachers. Música Hodie, 22, 1-25.</subfield>
   </datafield>
   <datafield ind1="8" ind2=" " tag="024">
      <subfield code="a">https://hdl.handle.net/10630/32590</subfield>
   </datafield>
   <datafield ind1="8" ind2=" " tag="024">
      <subfield code="a">10.5216/mh.v22.74137</subfield>
   </datafield>
   <datafield tag="653" ind2=" " ind1=" ">
      <subfield code="a">Investigación activa en educación</subfield>
   </datafield>
   <datafield tag="653" ind2=" " ind1=" ">
      <subfield code="a">Música - Estudio y enseñanza - Suecia</subfield>
   </datafield>
   <datafield ind2="0" ind1="0" tag="245">
      <subfield code="a">What music teacher will I be? A case study on the teaching philosophies of final-year pre-service Swedish music teachers.</subfield>
   </datafield>
</record>
</metadata></record></GetRecord></OAI-PMH>